00487nam a2200133Ia 4500008004100000041000800041100001900049245008400068260003100152300000800183700004200191999001900233952010100252250110s9999 xx 000 0 und d aeng aKadu Aishwarya aLandscape Planning Proposal For Gondekhal Village And Its Surrounding Watershed bBNCA M Arch LA, Punec2020 a74p aGuide Name:Sahasrabudhe Swati9210950 c364573d364573 00104070aBNCAbBNCAd2021-08-17l0pBNCA-PR-2073r2025-01-10 00:00:00w2025-01-10yPRzPR2073